№ 11; Аналитические обзоры по основным направлениям развития высшего образования; Подготовка кадров в аспирантуре России на рубеже XX-XXI веков (статистико-социологический анализ)

Bibliographische Detailangaben
Parent link:Аналитические обзоры по основным направлениям развития высшего образования: Обзорная информация/ Федеральный институт развития образования. № 11.— , 2006-
Zusammenfassung:Работа посвящена вопросам подготовки кадров высшей квалификации в аспирантуре России в постсоветский период. На основе данных государственной и ведомственной образовательной статистики рассматриваются различные аспекты деятельности аспирантуры. Дается анализ эффективности аспирантуры в целом, сравнительный анализ подготовки аспирантов по отраслевым группам, федеральным округам, в разрезе гендерных различий - все это исследуется в динамике и во взаимосвязи важнейших показателей. Публикация адресуется специалистам, занимающимся проблемами подготовки аспирантов, в целом вопросами послевузовского образования в России, научным работникам, преподавателям, всем, кто интересуется данной проблемой.
Sprache:Russisch
Veröffentlicht: 2007
TOC:В. Ф. Пугач, Подготовка кадров в аспирантуре России на рубеже XX-XXI веков (статистико-социологический анализ);
Schlagworte:
Format: MixedMaterials Buch
KOHA link:https://koha.lib.tpu.ru/cgi-bin/koha/opac-detail.pl?biblionumber=405631

MARC

LEADER 00000nam2a2200000 4500
001 405631
005 20250213120948.0
035 |a (RuTPU)RU\TPU\prd\55538 
090 |a 405631 
100 |a 20080131a20049999km y0rusy50 ca 
101 0 |a rus 
102 |a RU 
200 0 |a № 11 
210 |d 2007 
318 |5 63413507  |a От аспиранта к профессору 
330 |a Работа посвящена вопросам подготовки кадров высшей квалификации в аспирантуре России в постсоветский период. На основе данных государственной и ведомственной образовательной статистики рассматриваются различные аспекты деятельности аспирантуры. Дается анализ эффективности аспирантуры в целом, сравнительный анализ подготовки аспирантов по отраслевым группам, федеральным округам, в разрезе гендерных различий - все это исследуется в динамике и во взаимосвязи важнейших показателей. Публикация адресуется специалистам, занимающимся проблемами подготовки аспирантов, в целом вопросами послевузовского образования в России, научным работникам, преподавателям, всем, кто интересуется данной проблемой. 
461 1 |0 (RuTPU)RU\TPU\prd\23824  |t Аналитические обзоры по основным направлениям развития высшего образования  |o Обзорная информация  |f Федеральный институт развития образования  |v № 11  |d 2006- 
464 |t Подготовка кадров в аспирантуре России на рубеже XX-XXI веков (статистико-социологический анализ)  |f В. Ф. Пугач 
610 1 |a аналитические обзоры 
610 1 |a высшее образование 
610 1 |a подготовка кадров 
610 1 |a аспирантура 
610 1 |a 20 век 
610 1 |a 21 век 
610 1 |a регионы 
610 1 |a отраслевая структура 
610 1 |a гендерный подход 
610 1 |a социологический анализ 
610 1 |a статистический анализ 
801 0 |a RU  |b 63413507  |c 20010227  |g PSBO 
801 1 |a RU  |b 63413507  |c 20080131  |g PSBO 
801 2 |a RU  |b 63413507  |c 20140225  |g PSBO  |g PSBO 
942 |c CR